Etika a morálka
Guardado en:
| Autores principales: | , |
|---|---|
| Formato: | Libro |
| Lenguaje: | eslovaco |
| Publicado: |
Bratislava :
Sprint dva,
2012
|
| Materias: | |
| Etiquetas: |
Sin Etiquetas, Sea el primero en etiquetar este registro!
|
MARC
| LEADER | 00000nam a22000003a 4500 | ||
|---|---|---|---|
| 001 | stu281499 | ||
| 005 | 20150617230305.4 | ||
| 008 | 140110s2012----xo------------------slo-d | ||
| 020 | |a 978-80-89393-76-3 | ||
| 040 | |a STU |b slo | ||
| 041 | 0 | |a slo | |
| 044 | |a xo | ||
| 080 | |a 17 | ||
| 100 | 1 | |a Remišová, Anna |4 aut | |
| 245 | 1 | |a Etika a morálka | |
| 260 | |a Bratislava : |b Sprint dva, |c 2012 | ||
| 300 | |a 271 s | ||
| 650 | 7 | |a etika |2 stusub | |
| 650 | 7 | |a morálka |2 stusub | |
| 700 | 1 | |a Trenčianská, Elena |4 aut | |
| 996 | |b 284M085621 |c M*13584-1 |l MMST |s A |a 24 |w stu281499_0001 | ||